Crisis of socialism : (Record no. 5052)
[ view plain ]
| 000 -LEADER | |
|---|---|
| fixed length control field | 00556 a2200169 4500 |
| 010 ## - LCCN (DPL NO) | |
| LC control number | ENG-86705 |
| 020 ## - INTERNATIONAL STANDARD BOOK NUMBER | |
| International Standard Book Number | 9780955123511 |
| Terms of availability | 895.00 |
| 035 ## - SYSTEM CONTROL NUMBER | |
| System control number | EN-70238 |
| 037 ## - SOURCE OF ACQUISITION | |
| Source of stock number/acquisition | DBAD / PUB |
| 082 14 - DEWEY DECIMAL CLASSIFICATION NUMBER | |
| Classification number | 335 |
| 100 ## - MAIN ENTRY--PERSONAL NAME | |
| Personal name | Randhir Singh |
| 245 1# - TITLE STATEMENT | |
| Title | Crisis of socialism : |
| Statement of responsibility, etc | by Randhir singh |
| Remainder of title | notes in defence of a commitment / |
| 260 ## - PUBLICATION, DISTRIBUTION, ETC. (IMPRINT) | |
| Place of publication, distribution, etc | Delhi |
| Name of publisher, distributor, etc | Ajanta Books |
| Date of publication, distribution, etc | 2006 |
| 270 ## - ADDRESS | |
| Address | 1-UB, Jawahar Nagar, Bangalow Road, |
| City | Delhi |
| Postal code | 110 007 |
| Telephone number | 91-11-23856182 |
| Electronic mail address | ajantabi@vsnl.com |
| 300 ## - PHYSICAL DESCRIPTION | |
| Extent | xiii, 1087p |
| Dimensions | 24cm (pbk) |
| 942 ## - ADDED ENTRY ELEMENTS (KOHA) | |
| Institution code [OBSOLETE] | dpl |
| Item type | English Books |
| Source of classification or shelving scheme | Dewey Decimal Classification |
| Classification part | 335 |
| Call number suffix | RAN |
| Withdrawn status | Lost status | Not for loan | Collection code | Home library | Current library | Source of acquisition | Cost, normal purchase price | Full call number | Barcode | Copy number | Cost, replacement price | Koha item type |
|---|---|---|---|---|---|---|---|---|---|---|---|---|
| Not For Loan | Non-fiction | D.B.Act.Division | D.B.Act.Division | DBAD/PUB | 895.00 | 335 RAN | EN-70238 | 1 | 895.00 | English Books |
